Chargement en cours…

Coming to My Senses : One Woman's Cochlear Implant Journey /

"Deafened at the age of six, Claire Blatchford was educated orally with speech lessons, speechreading, and hearing aids. Though successful both professionally and domestically, at the age of 67 Blatchford decided to undergo a cochlear implantation. In this memoir, she describes in prose and ver...

Description complète

Détails bibliographiques
Auteur principal: Blatchford, Claire H. (Auteur)
Format: Électronique eBook
Langue:Inglés
Publié: Washington, DC : Gallaudet University Press, 2014.
Collection:Book collections on Project MUSE.
Sujets:
Accès en ligne:Texto completo

MARC

LEADER 00000cam a22000004a 4500
001 musev2_33253
003 MdBmJHUP
005 20230905043514.0
006 m o d
007 cr||||||||nn|n
008 140417s2014 dcu o 00 0 eng d
020 |a 9781563686160 
020 |z 1563686155 
020 |z 9781563686153 
020 |z 1563686163 
035 |a (OCoLC)884534725 
040 |a MdBmJHUP  |c MdBmJHUP 
100 1 |a Blatchford, Claire H.,  |e author. 
245 1 0 |a Coming to My Senses :   |b One Woman's Cochlear Implant Journey /   |c Claire H. Blatchford. 
264 1 |a Washington, DC :  |b Gallaudet University Press,  |c 2014. 
264 3 |a Baltimore, Md. :  |b Project MUSE,   |c 2014 
264 4 |c ©2014. 
300 |a 1 online resource (136 pages). 
336 |a text  |b txt  |2 rdacontent 
337 |a computer  |b c  |2 rdamedia 
338 |a online resource  |b cr  |2 rdacarrier 
505 0 |a The inner debate -- Moment of decision -- Surgery and a few days after -- Activation and shortly after -- First mapping -- Baby steps: early discoveries and observations -- From baby steps to toddler steps: explorations in listening -- My own voice -- More about bluffing -- Children -- Birds -- Music -- Move to ponder -- Bigger steps yet -- To sum things up -- Appendix: An audiologist explains the cochlear implant / JJeanne Coburn. 
520 |a "Deafened at the age of six, Claire Blatchford was educated orally with speech lessons, speechreading, and hearing aids. Though successful both professionally and domestically, at the age of 67 Blatchford decided to undergo a cochlear implantation. In this memoir, she describes in prose and verse living with a cochlear implant for the past three years. At first, Blatchford feared losing the last of her hearing through the surgical process. Her audiologist explained that her hearing was worsening and that soon she would move from profound deafness into a state called "cosmic deafness." Blatchford decided upon the surgery in hope of meeting her hearing family on their turf, and of again hearing the wind, rain, rivers, and crickets. After being implanted, however, she realized that amplification and comprehension were two different things: at first, all she heard was a soup of sound, a condition known as being brain deaf. Blatchford soon learned, however, that regaining her hearing was a journey of discovery. Gradually, the sound soup gave way to the ability to hear some sentences without speechreading. The sound of her own voice surprised her, and she could hear her grandchildren speak. The thrill of new things heard on one car trip to a friend's house moved her to "try my first yodel as I pass by your house." When asked by others if they should receive an implant, she cautions that it is an individual decision that each deaf person must make. For her, it was the right decision."--Publisher's description. 
588 |a Description based on print version record. 
600 1 7 |a Blatchford, Claire H.  |2 fast  |0 (OCoLC)fst00116993 
600 1 0 |a Blatchford, Claire H.  |x Health. 
650 7 |a BIOGRAPHY & AUTOBIOGRAPHY / General  |2 bisacsh 
650 7 |a Health.  |2 fast  |0 (OCoLC)fst00952743 
650 7 |a MEDICAL  |x Surgery  |x General.  |2 bisacsh 
650 6 |a Implants cochleaires. 
650 6 |a Implants cochleaires  |x Patients  |z États-Unis  |v Biographies. 
650 2 |a Cochlear Implants 
650 0 |a Cochlear implants. 
650 0 |a Cochlear implants  |x Patients  |z United States  |v Biography. 
651 7 |a United States.  |2 fast  |0 (OCoLC)fst01204155 
651 2 |a United States 
655 7 |a Recits personnels.  |2 rvmgf 
655 7 |a Personal narratives.  |2 lcgft 
655 7 |a Biographies.  |2 fast  |0 (OCoLC)fst01919896 
655 2 |a Personal Narrative 
655 7 |a Electronic books.   |2 local 
710 2 |a Project Muse.  |e distributor 
830 0 |a Book collections on Project MUSE. 
856 4 0 |z Texto completo  |u https://projectmuse.uam.elogim.com/book/33253/ 
945 |a Project MUSE - Custom Collection 
945 |a Project MUSE - 2014 Complete 
945 |a Project MUSE - 2014 Global Cultural Studies